000 00542nam a2200193Ia 4500
003 GCL
005 20240530104251.0
008 140319s9999 xx 000 0 ara d
040 _aGCL /
_cGCL
082 0 4 _a191
_bزم
100 1 _aزكى نجيب محمود
245 1 0 _aموقف من الميتافيزيقا /
_cزكى نجيب محمود
260 _a[S.N] :
_bدار الشروق ،
_c1993
300 _a233 ص
650 0 4 _aالفلسفة
650 0 4 _aالاخلاق
650 0 4 _aالميتافيزيقا
942 _2ddc
_cBK
999 _c46002
_d46002